000 00546cam a2200145 4500500
005 20251012032514.0
041 _afre
042 _adc
100 1 0 _aLévi, Florence
_eauthor
245 0 0 _aÉtienne Germe, Segalen, l’écriture, le nom. Architecture d’un secret, Saint-Denis, PUV, coll. « L’Imaginaire du Texte », 2001, 224 p.
260 _c2002.
500 _a63
786 0 _nSigila | 10 | 2 | 2002-12-20 | p. 238-240 | 1286-1715
856 4 1 _uhttps://shs.cairn.info/revue-sigila-2002-2-page-238?lang=fr&redirect-ssocas=7080
999 _c1547495
_d1547495